Ascensores y montacargas

I tiakina i:
Ngā taipitopito rārangi puna kōrero
Kaituhi matua: Ledo Ovies, José M (Author)
Hōputu: Pukapuka
Reo:Pāniora
I whakaputaina: Barcelona CEAC 1966
Putanga:2a. ed
Ngā marau:
Ngā Tūtohu: Tāpirihia he Tūtohu
Kāore He Tūtohu, Me noho koe te mea tuatahi ki te tūtohu i tēnei pūkete!

MARC

LEADER 00000nam a2200000 a 4500
001 UCU5828
003 CL-VaPUC
008 960614e19660000SP |||||||||||||||||spa|d
082 0 4 |a 621.877  |b LED  |2 21 
100 |a Ledo Ovies, José M  |e author  |9 364523 
245 1 0 |a Ascensores y montacargas 
250 |a 2a. ed 
300 |a 192 p 
942 |c BK 
945 |d 19960614 00:00:00  |a cmena 
260 |a Barcelona  |b CEAC  |c 1966 
650 0 |a Ascensores  |9 267480 
650 0 |a Ingeniería mecánica   |9 262089 
650 7 |a ELEVADORES  |2 CL-VaPUC  |9 363857 
650 7 |a MAQUINARIA PARA MANEJO DE MATERIALES  |2 CL-VaPUC  |9 363858 
650 7 |a TRANSPORTE  |2 CL-VaPUC  |9 256365 
650 0 |a Transporte de mercancias  |9 358742 
583 |a last modification  |c 19960614 00:00:00  |k Rodrigo Vera 
999 |c 249005  |d 249003 
952 |0 0  |1 0  |4 0  |6 621_877000000000000_LED_1966  |7 0  |8 A  |9 265996  |a BIBING  |b BIBING  |d 2019-11-19  |i 1679694  |l 3  |o 621.877 LED 1966  |p 1679694  |r 2025-01-20  |s 2022-04-14  |w 2019-11-19  |y BK  |k CCL